| Tag |
First Indicator |
Second Indicator |
Subfields |
| LEADER |
00000cam a2200000 a 4500 |
| 001 |
in00000025751 |
| 005 |
20151007054447.0 |
| 008 |
870808s1988 ohua b s00110 eng |
| 010 |
|
|
|a 87022572
|
| 020 |
|
|
|a 0873383524 (alk. paper)
|
| 035 |
|
|
|a (OCoLC)16523447
|
| 035 |
|
|
|9 AAB5133AM
|
| 040 |
|
|
|a DLC
|c DLC
|d TXA
|d UtOrBLW
|
| 043 |
|
|
|a posn---
|
| 049 |
|
|
|a TXAM
|c [A11502745]
|
| 050 |
0 |
0 |
|a GN671.S6
|b F46 1988
|
| 082 |
0 |
|
|a 993/.5
|2 19
|
| 100 |
1 |
|
|a Feinberg, Richard.
|
| 245 |
1 |
0 |
|a Polynesian seafaring and navigation :
|b ocean travel in Anutan culture and society /
|c Richard Feinberg.
|
| 264 |
|
1 |
|a Kent, Ohio :
|b Kent State University Press,
|c [1988]
|
| 264 |
|
4 |
|c ©1988
|
| 300 |
|
|
|a xviii, 210 pages :
|b illustrations ;
|c 24 cm.
|
| 336 |
|
|
|a text
|b txt
|2 rdacontent
|
| 337 |
|
|
|a unmediated
|b n
|2 rdamedia
|
| 338 |
|
|
|a volume
|b nc
|2 rdacarrier
|
| 504 |
|
|
|a Bibliography: pages [200]-204.
|
| 500 |
|
|
|a Includes index.
|
| 650 |
|
0 |
|a Ethnology
|z Solomon Islands
|z Anuta Island.
|
| 650 |
|
0 |
|a Polynesians
|x Industries.
|
| 650 |
|
0 |
|a Canoes and canoeing
|z Solomon Islands
|z Anuta Island.
|
| 651 |
|
0 |
|a Anuta Island (Solomon Islands)
|x Industries.
|
| 650 |
|
0 |
|a Navigation
|z Solomon Islands
|z Anuta Island.
|
| 999 |
|
|
|a MARS
|
| 999 |
f |
f |
|s f9482e54-75dd-357a-85d7-33769b23ce2e
|i d42bee86-d6bd-3c61-a8d4-746494a6aee4
|t 0
|
| 952 |
f |
f |
|p normal
|a Texas A&M University
|b College Station
|c Sterling C. Evans Library
|d Evans: Library Stacks
|t 0
|e GN671.S6 F46 1988
|h Library of Congress classification
|i unmediated -- volume
|m A14811502745
|
| 998 |
f |
f |
|a GN671.S6 F46 1988
|t 0
|l Evans: Library Stacks
|